000 00674nam a2200289Ia 4500
005 20260324141915.0
008 008 260324s9999 xx 000 0 eng d
020 _a9781315842998
037 _aEBOOK
040 _aCRL
040 _beng
040 _cCRL
041 _2eng
041 _aeng
084 _qCRL
100 _aMalcolm Yapp
_91209965
245 4 _aThe Near East since the First World War
245 2 _bA History to 1995
260 _bTaylor and Francis
260 _c1996
365 _a
365 _b230
856 _uhttp://www.taylorfrancis.com/books/9781315842998
942 _cEBOOK
999 _c1813554
_d1813554